000 00608cam a2200205 4500500
005 20260405001601.0
041 _afre
042 _adc
100 1 0 _aDuru, Martin
_eauthor
245 0 0 _aAntifragile. Les bienfaits du désordre
260 _c2013.
500 _a69
690 _aÉconomie
690 _aFragilité
690 _aNassim Nicholas Taleb
690 _aPaul Jorion
690 _aRisque
786 0 _nPhilosophie magazine | 73 | 10 | 2013-10-01 | p. 53-56 | 1951-1787
856 4 1 _uhttps://shs.cairn.info/magazine-philosophie-magazine-2013-10-page-53?lang=fr&redirect-ssocas=7080
999 _c2049010
_d2049010